Mežduotraslovi strukturni izmenenija - predpostavki i dinamika.

Zdôvodnenie nevyhnutnosti medziodvetvových štruktúrnych zmien v ekonomike BR. Prognostické bilancie medziodvetvových vzťahov za roky 1990, 1995 a 2000 ako informačná báza vypracovania štruktúrnej analýzy za obdobie 1990-2000. Určenie základných výrobno-technologických článkov, štruktúrnourčujúcich o...

Ausführliche Beschreibung

Gespeichert in:
Bibliographische Detailangaben
1. Verfasser: Grigorova, V.
Format: Buchkapitel
Sprache:Bulgarisch
Schlagworte:
Tags: Tag hinzufügen
Keine Tags, Fügen Sie das erste Tag hinzu!

MARC

LEADER 00000naa a2200000 4500
001 r003283
005 20220819194301.3
041 0 |a bul 
044 |a BG 
245 1 0 |a Mežduotraslovi strukturni izmenenija - predpostavki i dinamika.  |c V. Grigorova 
520 |a Zdôvodnenie nevyhnutnosti medziodvetvových štruktúrnych zmien v ekonomike BR. Prognostické bilancie medziodvetvových vzťahov za roky 1990, 1995 a 2000 ako informačná báza vypracovania štruktúrnej analýzy za obdobie 1990-2000. Určenie základných výrobno-technologických článkov, štruktúrnourčujúcich odvetví, vzťahov a smerov uskutočňovania štruktúrno-technologickej prestavby bulharskej ekonomiky. 
610 2 0 |a zmeny štruktúrne 
610 2 0 |a vzťahy medziodvetvové 
610 2 0 |a BR 
610 2 0 |a prognózy hospodárske 
610 2 0 |a 1990-2000 
100 1 |a Grigorova, V.